Largest Cities North of the Tropic of Cancer -- Sudden Death - Statistics

General Stats
  • This quiz has been taken 14 times
  • The average score is 6 of 16
Answers on the Grid
Answers color-coded by a green-red scale on the quiz's grid according to % correct below.
Ahmedabad
Baghdad
Beijing
Cairo
Chengdu
Chicago
Delhi
Dhaka
Ho Chi Minh City
Hong Kong
Hyderabad
Istanbul
Karachi
Los Angeles
Manila
Mexico City
Moscow
New York City
Osaka
Philadelphia
Surat
Seoul
Shanghai
Taipei
Tehran
Tianjin
Tokyo
Xiamen
 
Answer Stats
Answer % Correct
Beijing
67%
Shanghai
56%
Cairo
44%
Delhi
44%
Istanbul
44%
Los Angeles
44%
Moscow
44%
New York City
44%
Osaka
44%
Tokyo
44%
Dhaka
33%
Seoul
33%
Chengdu
22%
Karachi
11%
Tehran
11%
Xiamen
11%
No matching quizzes found
Score Distribution
Percent of People with Each Score
Percentile by Number Answered
Your Score History
You have not taken this quiz